000 00423nam a2200181Ia 4500
001 14702
005 20260306164933.0
008 260306t1990||||xx |||||||||||||| ||spa||
041 _aESP
082 _a515.9
_bL54
100 _aLevinson, Norman
_eAUT
245 0 _aCurso de variable compleja
260 _c1990
300 _axv, 429 páginas :
_c21cm.
650 _aGEN
654 _aCMA
942 _cLIB
_dJUS
_fJUS
_2ddc
_n
999 _c14702
_d14702